000 00422nam a2200157 i 4500
001 43223
003 ES-MaACL
005 20230906160744.0
007 t|
008 030317s1973 sp ||||1| spa d
100 1 _aCastro Calvo, José María.
_936910
245 1 3 _aEl agualí /
_cJosé María Castro Calvo.
260 _aMadrid :
_bInsula,
_c[1973]
300 _a397 p. ;
_c22 cm.
852 _aES-MaACL
_jC-54020
_bR.87002
999 _c43223
_d43223